ბათუმის შოთა რუსთაველის სახელმწიფო უნივერსიტეტის ბიბლიოთეკა

მშვიდობის ქართული პარადიგმა : (ბიბ.ჩანაწერი № 64127)

000 -ლიდერი
ფიქსირებული სიგრძის საკონტროლო ველი 02262nam a22002537a 4500
003 - საკონტროლო ნომრის იდენტიფიკატორი
საკონტროლო ველი Ge_BSU
005 - ბოლო ოპერაციის თარიღი და დრო
საკონტროლო ველი 20260408165157.0
008 - ფიქსირებული სიგრძის მონაცემთა ელემენტები - ზოგადი ინფორმაცია
ფიქსირებული სიგრძის საკონტროლო ველი 260408s2021 ge ||||| |||| 00| 0 geo d
020 ## - წიგნის საერთაშორისო სტანდარტული ნომერი
International Standard Book Number 9789941829765
041 ## - ენის კოდი
Language code of text/sound track or separate title geo
080 ## - უნივერსალური ათობითი კლასიფიკაციის ინდექსი
Universal Decimal Classification number 327(479.22) :323.173(479.22) ხ-73
100 ## - მთავარი ჩანაწერი - პიროვნების სახელი
Personal name ხონელიძე, ზურაბ
9 (RLIN) 27301
245 ## - ცნობა სათაურის შესახებ
Title მშვიდობის ქართული პარადიგმა :
Remainder of title საუნივერსიტეტო დიპლომატია, საქართველოს არჩევანი = Georgian paradigm of peace : University diplomacy, choice of Georgia = Грузинская парадигма мира : Университетская дипломатия, выбор Грузии /
Statement of responsibility, etc ზურაბ ხონელიძე; მთ. რედაქტორი ლადო ჭანტურია; ინგლისური ტექსტის რედაქტორი ნუგზარ რუხაძე; რუსული ტექსტის რედაქტორები: მაკა კაჭარავა, ნინო მეუნარგია; რედაქტორ-გამომცემელი ზაურ ნაჭყებია.
264 ## - წარმოების, გამოცემის, დისტრიბუციის და სხვა ცნობები
გამოცემის, წარმოების, დისტრიბუციის... ადგილი თბილისი :
გამოცემის, წარმოების, დისტრიბუციის... სახელწოდება ზაურ ნაჭყებია,
გამოცემის, წარმოების, დისტრიბუციის... თარიღი 2021.
300 ## - ფიზიკური აღწერა
Extent 364 გვ. :
Other physical details ილ. ;
Dimensions 25 სმ.
504 ## - BIBLIOGRAPHY, ETC. NOTE
Bibliography, etc ბიბლიოგრაფია ტექსტების ბოლოს და ტექსტის შენიშვნებში.
653 ## - INDEX TERM--UNCONTROLLED
Uncontrolled term კონფლიქტების მოგვარება
653 ## - INDEX TERM--UNCONTROLLED
Uncontrolled term ეთნოკონფლიქტები საქართველოში
653 ## - INDEX TERM--UNCONTROLLED
Uncontrolled term საქართველოს დიპლომატიური ურთიერთობები
700 ## - ADDED ENTRY--PERSONAL NAME
Personal name ჭანტურია, ლადო
Relator term მთ. რედაქტორი
9 (RLIN) 27302
700 ## - ADDED ENTRY--PERSONAL NAME
Personal name რუხაძე, ნუგზარ
Relator term ინგლ. ტექსტის რედაქტორი
9 (RLIN) 27303
700 ## - ADDED ENTRY--PERSONAL NAME
Personal name კაჭარავა, მაკა და სხვ.
Relator term რუს. ტექსტის რედაქტორი
9 (RLIN) 27304
942 ## - ADDED ENTRY ELEMENTS (KOHA)
Source of classification or shelving scheme
Koha item type წიგნი
ეგზემპლარები
ჩამოწერის სტატუსი დაკარგული ეგზემპლარის სტატუსი კლასიფიკაციის წყარო ან თაროზე გაწყობის სქემა დაზიანების სტატუსი არ გაიცემა მუდმივი მდებარეობა (დაცვის ადგილი) ამჟამინდელი ადგილსამყოფელი თაროზე განთავსების ადგილი შეძენის თარიღი ღირებულება, შესყიდვის ნორმალური ფასი სრული შენახვის შიფრი შტრიხკოდი ბოლო ოპერაციის თარიღი ეგზემპლარის მიმდევრობითი ნომერი (კეტერი?) Uniform Resource Identifier ფასის ძალაში შესვლის თარიღი ეგზემპლარის სახეობა საჯარო შენიშვნა
          ბათუმის შოთა რუსთაველის სახელმწიფო უნივერსიტეტის მთავარი ბიბლიოთეკა ბათუმის შოთა რუსთაველის სახელმწიფო უნივერსიტეტის მთავარი ბიბლიოთეკა წიგნსაცავი 2026-04-08 15.00 327(479.22) :323.173(479.22) ხ-73 74274 2026-04-08 74274 ნაჩუქარი 2026-04-08 წიგნი 15 ლ.
          ბათუმის შოთა რუსთაველის სახელმწიფო უნივერსიტეტის მთავარი ბიბლიოთეკა ბათუმის შოთა რუსთაველის სახელმწიფო უნივერსიტეტის მთავარი ბიბლიოთეკა წიგნსაცავი 2026-04-08 15.00 327(479.22) :323.173(479.22) ხ-73 74275 2026-04-08 74275 ნაჩუქარი 2026-04-08 წიგნი 15 ლ.
          ბათუმის შოთა რუსთაველის სახელმწიფო უნივერსიტეტის მთავარი ბიბლიოთეკა ბათუმის შოთა რუსთაველის სახელმწიფო უნივერსიტეტის მთავარი ბიბლიოთეკა წიგნსაცავი 2026-04-08 15.00 327(479.22) :323.173(479.22) ხ-73 74276 2026-04-08 74276 ნაჩუქარი 2026-04-08 წიგნი 15 ლ.
          ბათუმის შოთა რუსთაველის სახელმწიფო უნივერსიტეტის მთავარი ბიბლიოთეკა ბათუმის შოთა რუსთაველის სახელმწიფო უნივერსიტეტის მთავარი ბიბლიოთეკა წიგნსაცავი 2026-04-08 15.00 327(479.22) :323.173(479.22) ხ-73 74277 2026-04-08 74277 ნაჩუქარი 2026-04-08 წიგნი 15 ლ.
          ბათუმის შოთა რუსთაველის სახელმწიფო უნივერსიტეტის მთავარი ბიბლიოთეკა ბათუმის შოთა რუსთაველის სახელმწიფო უნივერსიტეტის მთავარი ბიბლიოთეკა წიგნსაცავი 2026-04-08 15.00 327(479.22) :323.173(479.22) ხ-73 74278 2026-04-08 74278 ნაჩუქარი 2026-04-08 წიგნი 15 ლ.